|
|
|
|
| LEADER |
01116nam a2200253 u 4500 |
| 001 |
10015665 |
| 003 |
upatras |
| 005 |
20240720063314.0 |
| 008 |
881025s1991 gr gre |
| 040 |
|
|
|a GR-PaULI
|c GR-PaULI
|
| 041 |
0 |
|
|a gre
|
| 082 |
0 |
4 |
|a 327.495
|
| 100 |
1 |
|
|a Καψής, Γιάννης Π.
|4 aut
|9 56438
|
| 245 |
1 |
0 |
|a Στρατηγέ... ιδού η φρεγάτα σας
|c Γιάννη Π. Καψή
|
| 260 |
|
|
|a Αθήνα
|b Νέα Σύνορα
|c 1991
|
| 300 |
|
|
|a 261 σ.
|c 24 εκ
|
| 504 |
|
|
|a Περιέχει βιβλιογραφία και ευρετήριο
|
| 651 |
|
4 |
|a Ελλάδα
|x Εξωτερικές σχέσεις
|z Τουρκία
|9 38743
|
| 651 |
|
0 |
|a Ελλάδα
|x Πολιτική και διακυβέρνηση
|9 256
|
| 852 |
|
|
|a GR-PaULI
|b ΠΑΤΡΑ
|b ΒΚΠ
|b ΑΝΤ
|k ΟΧΙΔ
|h 327.495 ΚΑΨ
|m 046673
|p 025000060959
|t 1
|
| 942 |
|
|
|2 ddc
|c BKN
|
| 952 |
|
|
|0 0
|1 0
|4 0
|6 327_495000000000000_ΚΑΨ
|7 0
|9 162327
|a LISP
|b LISP
|c DON
|d 2016-04-24
|i 046673
|l 0
|o 327.495 ΚΑΨ
|p 025000060959
|r 2016-04-24 00:00:00
|t 1
|w 2016-04-24
|y BKN
|
| 998 |
|
|
|c ΜΠΟΥΡΑΣ
|d 2011-02
|
| 999 |
|
|
|c 101865
|d 101865
|